Biblioteca

The crown and the fire (Registro nro. 64224)

Detalles MARC
000 -LÍDER
Campo fijo de descripción fija 01373nam a22003494i 4500
001 - NÚMERO DE CONTROL
Campo de control 876432467
003 - IDENTIFICADOR DEL NÚMERO DE CONTROL
Campo de control CO-MdFUSB
005 - FECHA Y HORA DE LA ULTIMA TRANSACCIÓN
control field 20180309083908.0
008 - ELEMENTOS DE LONGITUD FIJA -- INFORMACIÓN GENERAL
Campo fijo de descripción fija -- Información general 140411t20141992miu g 000 0 eng d
020 ## - NÚMERO INTERNACIONAL NORMALIZADO PARA LIBROS
Número Internacional Normalizado del libro 0802871798
020 ## - NÚMERO INTERNACIONAL NORMALIZADO PARA LIBROS
Número Internacional Normalizado del libro 9780802871794
040 ## - FUENTE DE CATALOGACIÓN
Agencia de catalogación original YDXCP
Idioma de catalogación spa
Convenciones de la descripción rda
Agencia que realiza la transcripción CO-MdFUSB
Agencia que realiza la modificación CO-MdFUSB
-- BDX
-- VUT
-- ORX
-- CDX
-- CLE
041 ## - CÓDIGO DE IDIOMA
Código de idioma para texto/pista de sonido o título separado eng
082 ## - NÚMERO DE CLASIFICACIÓN DECIMAL DEWEY
Número de la edición del Dewey 24
Número de clasificación G 232.963
Clave de autor-Numero de item W947c
100 1# - ASIENTO PRINCIPAL--NOMBRE PERSONAL
Nombre personal Wright, N. T.
Término relacionador autor
242 13 - TRADUCCIÓN DEL TÍTULO POR AGENCIA CATALOGADORA
Título La corona y el fuego
Parte restante del título - Subtítulo : meditaciones sobre la Cruz y la vida del Espíritu
Idioma del título original Inglés
245 14 - TÍTULO
Título del Material The crown and the fire
Parte restante del título - Subtitulo : meditations on the Cross and the life of the Spirit
Mención de responsabilidad, etc. / N.T. Wright.
250 ## - MENCIÓN DE EDICIÓN
Mención de edición New edition.
264 #1 - PRODUCCIÓN, PUBLICACIÓN, DISTRIBUCIÓN, MANUFACTURA, Y COPYRIGHT
Lugar de producción, publicación, distribución, manufactura Grand Rapids, Michigan :
Nombre del productor, publicador, distribuidor William B. Eerdmans Publishing Company,
Fecha de producción, publicación, distribución, manufactura, o copyright ℗2014
264 #4 - PRODUCCIÓN, PUBLICACIÓN, DISTRIBUCIÓN, MANUFACTURA, Y COPYRIGHT
Fecha de producción, publicación, distribución, manufactura, o copyright ©1992
300 ## - DESCRIPCIÓN FÍSICA
Extensión xi, 131 páginas ;
Dimensiones 22 cm.
Otros detalles físicos :
336 ## - TIPO DE CONTENIDO
Fuente rdacontent.
Término de tipo de contenido texto
Código de tipo de contenido txt
337 ## - TIPO DE MEDIO
Fuente rdamedia.
Nombre del tipo de medio sin mediación
Código del tipo de medio n
338 ## - TIPO DE SOPORTE
Fuente rdacarrier.
Nombre del tipo de soporte volumen
Código Tipo de soporte nc
500 ## - NOTA GENERAL
Nota General First American edition published 1995.
505 ## - NOTA DE CONTENIDO
Nota de contenido con formato preestablecido La corona de espinas -- El fuego del amor
520 ## - NOTA DE RESUMEN, ETC.
Nota de sumario, etc. Offers thirteen powerful meditations and sermons that challenge readers to assess anew the meaning of Jesus' death and resurrection and the life of the Spirit in Jesus' followers today.
650 #7 - ASIENTO SECUNDARIO DE MATERIA - TERMINO TEMÁTICO
Término temático o nombre geográfico como elemento de entrada Cristología
9 (RLIN) 239
942 ## - TIPO DE MATERIAL (KOHA)
Tipo de Item KOHA Libros General
Existencias
Estado de Material Estado de Perdido Forma de Clasificación Estado de Dañado No para Préstamo Biblioteca de Origen Biblioteca Permanente Fecha de Adquisición Total de Préstamos Signatura Topográfica Código de Barras Última vez visto Ejemplar/Existencia Fecha de Remplazo Tipo de Material
    Dewey Decimal Classification     Biblioteca FUSBC Biblioteca FUSBC 07/03/2018   G 232.963 W947c 10827 12/12/2019 Ej. 1 07/03/2018 Libros General

Biblioteca FUSBC | Teléfono: (57+4) 349 88 10 Ext. 141| WhatsApp (+57) 3005338115 
E-mail: biblioteca@unisbc.edu.co | Calle 76 87-14 Robledo Palenque, Medellín, Colombia

Con tecnología Koha